00776cam a22002411 4500001001300000003000400013005001700017008004100034010001700075035001900092040004600111043001200157050002600169050002400195082001500219110004800234245001800282260009200300300002900392410006900421650002700490999001700517l 66000150 DLC20260227111549.0801204s1966 dcua s f000 0 eng c al 66000150  a(OCoLC)6999985 aU.S. Dept. of Labor. Library.cNPotUdDLC an-us---00aHD8051b.A62 no. 151000aHB235.U6bA535 1966 a338.5209731 aUnited States.bBureau of Labor Statistics.10aPrice trends. aWashington,bFor sale by the Superintendent of Documents, U.S. Govt. Print. Off,c1966. av, 49 p.billus.c26 cm.11aUnited States.bBureau of Labor Statistics.tBulletin,vno. 1510 0aPriceszUnited States. c37266d37266